Winows 95 made easy / (Record no. 61974)

MARC details
000 -LEADER
fixed length control field 00496nam a22001697a 4500
005 - DATE AND TIME OF LATEST TRANSACTION
control field 20180823155722.0
008 - FIXED-LENGTH DATA ELEMENTS--GENERAL INFORMATION
fixed length control field 120204t xxu||||| |||| 00| 0 eng d
020 ## - INTERNATIONAL STANDARD BOOK NUMBER
International Standard Book Number 0074633732
Terms of availability 00.00
035 ## - SYSTEM CONTROL NUMBER
System control number A-904691, A-904695
040 ## - CATALOGING SOURCE
Original cataloging agency DPL
Language of cataloging ENG
100 ## - MAIN ENTRY--PERSONAL NAME
Personal name Sheldon, Tom
9 (RLIN) 40816
245 ## - TITLE STATEMENT
Title Winows 95 made easy /
Statement of responsibility, etc by Tom Sheldon
250 ## - EDITION STATEMENT
Edition statement 5th rpr.
260 ## - PUBLICATION, DISTRIBUTION, ETC. (IMPRINT)
Place of publication, distribution, etc New Delhi
Name of publisher, distributor, etc Tata McGraw-Hill Publishing
Date of publication, distribution, etc 1998
300 ## - PHYSICAL DESCRIPTION
Extent 718p.
Dimensions 20 cms.
942 ## - ADDED ENTRY ELEMENTS (KOHA)
Source of classification or shelving scheme Dewey Decimal Classification
Item type English Books
Classification part 005.43
Call number suffix SHE
Holdings
Withdrawn status Lost status Source of classification or shelving scheme Damaged status Not for loan Collection code Home library Current library Shelving location Date acquired Cost, normal purchase price Total Checkouts Full call number Barcode Date last seen Cost, replacement price Koha item type Source of acquisition
    Dewey Decimal Classification     Non-fiction Sarojini Nagar Sarojini Nagar General Stacks 04/02/2012 0.00   005.43 SHE A-904691 04/02/2012 0.00 English Books  
    Dewey Decimal Classification     Non-fiction Shahdara Branch Shahdara Branch   23/08/2018 0.00   005.43 SHE A-904695 23/08/2018 0.00 English Books BPPD/PUB

© Delhi Public Library
Hit Counter
free hit counter